Control and manipulation of animal growth

Gardado en:
Detalles Bibliográficos
Autor Principal: Buttery, P. J.
Formato: Libro
Idioma:Undetermined
Publicado: London Butterworths 1986
Những chủ đề:
Các nhãn: Engadir etiqueta
Sen Etiquetas, Sexa o primeiro en etiquetar este rexistro!
Thư viện lưu trữ: Trung tâm Học liệu Trường Đại học Cần Thơ
LEADER 00598nam a2200193Ia 4500
001 CTU_126065
008 210402s9999 xx 000 0 und d
082 |a 636.08926 
082 |b B988 
100 |a Buttery, P. J. 
245 0 |a Control and manipulation of animal growth 
245 0 |c P. J. Buttery, D. B. Lindsay, N. B. Haynes 
260 |a London 
260 |b Butterworths 
260 |c 1986 
650 |a Livestock,Hormones,Growth regulators 
650 |x Growth,Regulation,Congresses,Congresses,Congresses 
904 |i Hiếu 
980 |a Trung tâm Học liệu Trường Đại học Cần Thơ